| 000 -LEADER |
| fixed length control field |
00548nam a2200193Ia 4500 |
| 001 - CONTROL NUMBER |
| control field |
2085 |
| 003 - CONTROL NUMBER IDENTIFIER |
| control field |
GE_BSU |
| 005 - DATE AND TIME OF LATEST TRANSACTION |
| control field |
20221024115910.0 |
| 008 - FIXED-LENGTH DATA ELEMENTS--GENERAL INFORMATION |
| fixed length control field |
181216s1978||||enk|||||||||||||| ||eng|| |
| 040 ## - CATALOGING SOURCE |
| Transcribing agency |
GE_BSU |
| 041 ## - LANGUAGE CODE |
| Language code of text/sound track or separate title |
eng |
| 080 ## - UNIVERSAL DECIMAL CLASSIFICATION NUMBER |
| Universal Decimal Classification number |
811.111 B-93 |
| 100 ## - MAIN ENTRY--PERSONAL NAME |
| Personal name |
Bulgakova, A.M. |
| 9 (RLIN) |
1589 |
| 245 ## - TITLE STATEMENT |
| Title |
How to use passive constructions in speech practice |
| 264 ## - PRODUCTION, PUBLICATION, DISTRIBUTION, MANUFACTURE, AND COPYRIGHT NOTICE |
| Place of production, publication, distribution, manufacture |
Moscow: |
| Name of producer, publisher, distributor, manufacturer |
Hicher school, |
| Date of production, publication, distribution, manufacture, or copyright notice |
1978. |
| 300 ## - PHYSICAL DESCRIPTION |
| Extent |
100 p.; |
| Other physical details |
20 cm. |
| 653 ## - INDEX TERM--UNCONTROLLED |
| keyword |
პასიური კონსტრუქციები ენაში |
| 942 ## - ADDED ENTRY ELEMENTS (KOHA) |
| Koha item type |
წიგნი |
| Source of classification or shelving scheme |
|